000 00345nam a2200169Ia 4500
100 _aRoduner/Emil
650 _aChemistry
942 _cRB
366 _f10
654 _ananoscopic
245 _aNanoscopic Materials
260 _bRSC Publishing
_c2006
082 _a658.577/ROD
_bROD
300 _a285
546 _aENGLISH
999 _c20049
_d20049